000 00812nam a2200217 a 4500
001 000158735
003 AM-YeHGA
005 20250617123227.0
008 990913s1974 ru ||||gr|||||||||0|rus|d
040 _aAM-YeHGA
041 0 _arus
100 1 _aБелицкий, Арон Самуилович
245 1 0 _aПроектирование разведочно-эксплуатационных скважин для водоснабжения /
_cА.С. Белицкий, В.В. Дубровский.
250 _a3-е изд., перераб. и доп.
260 _aМосква :
_bНедра,
_c1974.
300 _a256 с.
650 1 4 _aОбщетехнические дисциплины
700 1 _aДубровский, Виктор Викторович
942 _2udc
_cBK
090 _c55098
999 _c54249
_d54249